Leer es resistir (Registro nro. 30708)
[ vista simple ]
| 000 -LEADER | |
|---|---|
| fixed length control field | 00312nam a22001217a 4500 |
| 008 - FIXED-LENGTH DATA ELEMENTS--GENERAL INFORMATION | |
| fixed length control field | 240308b |||||||| |||| 00| 0 eng d |
| 020 ## - INTERNATIONAL STANDARD BOOK NUMBER | |
| International Standard Book Number | 00000014157508 |
| 082 ## - DEWEY DECIMAL CLASSIFICATION NUMBER | |
| Classification number | A-C |
| Item number | MENL |
| 100 10 - MAIN ENTRY--PERSONAL NAME | |
| Personal name | Mendoza, Mario |
| Relator term | autor |
| 9 (RLIN) | 172 |
| 245 ## - TITLE STATEMENT | |
| Title | Leer es resistir |
| Statement of responsibility, etc. | Mario Mendoza |
| 300 ## - PHYSICAL DESCRIPTION | |
| Extent | 301 páginas |
| Dimensions | 24 cm |
| 942 ## - ADDED ENTRY ELEMENTS (KOHA) | |
| Source of classification or shelving scheme | Dewey Decimal Classification |
| Withdrawn status | Lost status | Source of classification or shelving scheme | Damaged status | Not for loan | Home library | Current library | Shelving location | Date acquired | Total Checkouts | Total Renewals | Full call number | Barcode | Date last seen | Date last checked out | Copy number | Price effective from | Non-public note | Koha item type | Public note |
|---|---|---|---|---|---|---|---|---|---|---|---|---|---|---|---|---|---|---|---|
| Dewey Decimal Classification | Biblored | Biblioteca Pública José María del Castillo y Rada | Fiction | 03/08/2024 | 2 | 3 | A-C MENL | 00000014157508 | 05/08/2024 | 04/15/2024 | Ej.1 | 03/08/2024 | forro rasgado | Books | Material Interbibliotecario BibloRed |